zpět

Detail výsledku týmu

Bristol, Olomouc

Datum a čas kvízu

19.5 Celkem bodů Celkový počet nahraných bodů na tomto kvízu bez doplňovacích otázek.
7. Pořadí na kvízu Konečné umístění týmu na tomto kvízu.

Zaznamenané odpovědi

# Otázka Odpověď Body Výsledky
1. Jistá velká česká společnost o... 0
2. Český europoslanec, zvolený za... 0
3. Nejstreamovanější kapela roku... 1
4. Další výrobce luxusních vozů o... 0
5. Minulý týden probíhal v Londýn... 0
5. Jak se jmenuje vítězka páté řa... 1
5. Jak se jmenuje značka, s níž j... 1
8. Česká snowboardistka Eva Samko... 1
5. Jak zní křestní jméno italskéh... 1
10. Přiřaďte jména známých osobnos... 1